000 01257cam a2200313 4500
001 3212959
003 ARRUPE
005 20211027091950.0
008 700925s1970 enk b 101 0 eng
010 _a 78105496
020 _a0521078261
040 _aDLC
_cDLC
_dDLC
050 0 0 _aQ175
_b.I514 1965
082 0 0 _a501
111 2 _aInternational Colloquium in the Philosophy of Science
_d(1965 :
_cBedford College)
_950677
245 1 0 _aCriticism and the growth of knowledge;
_cedited by Imre Lakatos [and] Alan Musgrave.
260 _aCambridge [Eng.]
_bUniversity Press,
_c1970.
300 _aviii, 282 p.
_c23 cm.
490 1 _aIts Proceedings,
_vv. 4
504 _aIncludes bibliographies.
650 0 _aScience
_xPhilosophy
_vCongresses.
_911411
700 1 _aLakatos, Imre,
_eed.
_915098
700 1 _aMusgrave, Alan,
_eed.
_919790
811 2 _aInternational Colloquium in the Philosophy of Science
_d(1965 :
_cBedford College).
_tProceedings,
_vv. 4.
_950678
856 4 2 _3Publisher description
_uhttp://www.loc.gov/catdir/enhancements/fy0642/78105496-d.html
856 4 1 _3Table of contents only
_uhttp://www.loc.gov/catdir/enhancements/fy0642/78105496-t.html
906 _a7
_bcbc
_corignew
_d2
_encip
_f19
_gy-gencatlg
942 _2lcc
_cMONOGRAPH
999 _c130977
_d130977